El castillo de los Cárpatos

Guardat en:
Dades bibliogràfiques
Autor principal: Verne, Julio (Autor)
Format: Llibre
Idioma:espanyol
Publicat: Barcelona Alba 2011
Edició:1a. ed
Col·lecció:Alba Clásica, 118
Matèries:
Etiquetes: Afegir etiqueta
Sense etiquetes, Sigues el primer a etiquetar aquest registre!

MARC

LEADER 00000cam a2200000 a 4500
001 UCF1757
003 CL-VaPUC
008 120723e20110400SP |||||||||||||||||spa|d
020 |a 9788484286110 
082 0 4 |a 843  |b VER  |2 21 
100 0 |a Verne, Julio  |e author  |9 563256 
245 1 3 |a El castillo de los Cárpatos 
250 |a 1a. ed 
300 |a 250 p 
942 |c BK 
945 |d 20120723 00:00:00  |a dcastane 
260 |a Barcelona  |b Alba  |c 2011 
650 0 |a Novela francesa  |9 264985 
650 0 |a Literatura francesa  |9 266330 
650 0 |a Literatura fantástica   |9 266050 
650 0 |a Ciencia ficción   |9 314542 
583 |a last modification  |c 20140123 04:12:38  |k Rodrigo Vera 
490 0 |a Alba Clásica, 118 
999 |c 348445  |d 348443 
952 |0 0  |1 0  |4 0  |6 843_000000000000000_VER_2011  |7 0  |8 A  |9 450452  |a BIBING  |b BIBING  |d 2019-11-22  |i 4883853  |o 843 VER 2011  |p 4883853  |r 2025-01-20  |w 2019-11-22  |y BK  |k CUI